| 000 | 00758nam a2200229Ii 4500 | ||
|---|---|---|---|
| 003 | JO-AjNU | ||
| 008 | 230605s9999||||xx |||||||||||||| ||und|| | ||
| 017 | _a2005-15482 | ||
| 020 | _a977-287-552-15482 | ||
| 040 |
_aJO-AjNU _bara _erda _cJO-AjNU |
||
| 041 | _aara | ||
| 050 | 1 | 4 | _aTE200.S5282 2005 |
| 100 | 3 |
_aالشافعي ، شريف فتحي , _eauthor _951483 |
|
| 245 | 0 | 0 | _aديناميكية حركة وسير القطارات |
| 264 | 3 | 1 | _aالقاهرة :دار الكتب العلمية، 2006 |
| 300 | _a287ص | ||
| 336 |
_atext _btxt _2rdacontent |
||
| 337 |
_aunmediated _bn _2rdamedia |
||
| 338 |
_avolume _bnc _2rdacarrier |
||
| 490 | 0 | _aموسوعة هندسة السكك الحديدية 1 | |
| 650 | 4 |
_aالقطارات _951484 |
|
| 999 |
_aA22747 _c26315 _d26315 |
||